[Event "SCCA Championship 2025"]
[Site "SchemingMind.com"]
[Date "2024.12.12"]
[Round "-"]
[White "TigerFeet"]
[Black "cnile"]
[Result "1-0"]
[WhiteCountry "ENG"]
[BlackCountry "SCO"]
[WhiteElo "2125"]
[WhiteRD "85"]
[BlackElo "1336"]
[BlackRD "59"]
[GameID "749548"]

1. d4 Nf6 2. Nf3 d6 3. c4 g6 4. Nc3 Bg7 5. e3 O-O 6. Be2 c5 7. O-O Na6 8. b3 e6 9. Bb2 cxd4 10. Nxd4 Bd7
11. Ndb5 Bxb5 12. Nxb5 d5 13. Ba3 Re8 14. Nd6 Re7 15. Rc1 Qb8 16. Nf5 Rd7 17. Nd4 Qe5 18. c5 Rc8 19. c6 bxc6 20. Bxa6 Rcc7
21. Nxc6 Qg5 22. Nb8 Rxc1 23. Qxc1 Rd6 24. Bxd6
1-0

[Event "SCCA Championship 2025"]
[Site "SchemingMind.com"]
[Date "2024.12.15"]
[Round "-"]
[White "McCormickR"]
[Black "cnile"]
[Result "1-0"]
[WhiteCountry "ENG"]
[BlackCountry "SCO"]
[WhiteElo "1764"]
[WhiteRD "90"]
[BlackElo "1298"]
[BlackRD "58"]
[GameID "749679"]

1. e4 e5 2. Nf3 Nc6 3. Bc4 Nf6 4. d4 exd4 5. Ng5 d5 6. exd5 Na5 7. Bb5+ c6 8. dxc6 bxc6 9. Be2 Be7 10. Nf3 O-O
11. Qxd4 c5 12. Qxd8 Rxd8 13. O-O Nc6 14. Nc3 Be6 15. Bg5 Nd5 16. Nxd5 Bxd5 17. Bxe7 Nxe7 18. a3 Ng6 19. Rfe1 Rab8 20. Rab1 a5
21. Rbd1 Nf4 22. Bd3 Nxd3 23. Rxd3 h6 24. Ne5 Ba8 25. b3 Bb7 26. h3 Rxd3 27. Nxd3 Rc8 28. Re7 Ba6 29. c4 Rd8 30. Nxc5 Rd1+
31. Kh2 Rd6 32. Ra7 Bc8 33. Rxa5 Be6 34. Nxe6 Rxe6 35. Ra8+ Kh7 36. c5 Rc6 37. b4 g5 38. Rd8 Ra6 39. Rd3 Kg6 40. Rd6+ Rxd6
41. cxd6 Kf6 42. Kg3 Ke6 43. Kg4 Kxd6 44. Kh5 f5 45. Kxh6 g4 46. hxg4
1-0

[Event "SCCA Championship 2025"]
[Site "SchemingMind.com"]
[Date "2024.12.15"]
[Round "-"]
[White "McCormickR"]
[Black "TigerFeet"]
[Result "0-1"]
[WhiteCountry "ENG"]
[BlackCountry "ENG"]
[WhiteElo "1733"]
[WhiteRD "91"]
[BlackElo "2125"]
[BlackRD "85"]
[GameID "749680"]

1. e4 c5 2. Nf3 Nf6 3. d4 Nxe4 4. Bd3 d5 5. O-O Nc6 6. dxc5 Nxc5 7. Be2 e5 8. Re1 Bd6 9. Qxd5 Be6 10. Qd1 Qc7
11. Nfd2 e4 12. h3 O-O-O 13. Bg4 f5 14. Be2 e3 15. fxe3 Bh2+ 16. Kh1 Ne4
0-1

[Event "SCCA Championship 2025"]
[Site "SchemingMind.com"]
[Date "2024.12.18"]
[Round "-"]
[White "cnile"]
[Black "SEO1957"]
[Result "1/2-1/2"]
[WhiteCountry "SCO"]
[BlackCountry "NOR"]
[WhiteElo "1317"]
[WhiteRD "61"]
[BlackElo "1837"]
[BlackRD "155"]
[GameID "749745"]

1. e4 c5 2. Nf3 d6 3. d4 cxd4 4. Nxd4 Nf6 5. Nc3 a6 6. Bg5 Qa5 7. Bxf6 exf6 8. Bd3 Be7 9. O-O O-O 10. Kh1 Nc6
11. Nxc6 bxc6 12. f4 Rb8 13. Rb1 Qd8 14. Qe2 Ra8 15. Qe3 Re8 16. Rbe1 f5 17. e5 d5 18. a3 Be6 19. Ne2 c5 20. c3 Bh4
21. g3 Be7 22. Qd2 d4 23. cxd4 Bd5+ 24. Kg1 Bb7 25. Bxf5 Qd5 26. Nc1 Qh1+ 27. Kf2 Qf3+ 28. Kg1 Qh1+ 29. Kf2 Qf3+ 30. Kg1 Qh1+
31. Kf2 Qf3+ 32. Kg1 Qh1+
1/2-1/2

[Event "SCCA Championship 2025"]
[Site "SchemingMind.com"]
[Date "2024.12.13"]
[Round "-"]
[White "TigerFeet"]
[Black "SEO1957"]
[Result "1-0"]
[WhiteCountry "ENG"]
[BlackCountry "NOR"]
[WhiteElo "2125"]
[WhiteRD "85"]
[BlackElo "1917"]
[BlackRD "162"]
[GameID "749746"]

1. d4 Nf6 2. Nf3 e6 3. e3 b6 4. Bd3 Bb7 5. O-O Be7 6. Nbd2 d5 7. b3 O-O 8. Bb2 Nbd7 9. c4 c5 10. Rc1 Rc8
11. Qe2 Rc7 12. Rfd1 Qa8 13. Ne5 cxd4 14. Bxd4 dxc4 15. Rxc4 Rxc4 16. Bxc4 Nxe5 17. Bxe5 Nd7 18. Bb2 Bf6 19. Bxf6 Nxf6 20. f3 Rd8
21. Nb1 Rxd1+ 22. Qxd1 g6 23. Nc3 Qb8 24. Qd4 a6 25. Qxf6
1-0

[Event "SCCA Championship 2025"]
[Site "SchemingMind.com"]
[Date "2024.12.18"]
[Round "-"]
[White "SEO1957"]
[Black "McCormickR"]
[Result "1-0"]
[WhiteCountry "NOR"]
[BlackCountry "ENG"]
[WhiteElo "1728"]
[WhiteRD "151"]
[BlackElo "1764"]
[BlackRD "90"]
[GameID "749747"]

1. e4 e5 2. Nf3 Nc6 3. Bc4 Bc5 4. c3 d5 5. exd5 e4 6. Qe2 Nge7 7. dxc6 exf3 8. Qxf3 Bf5 9. cxb7 Rb8 10. d4 Bd6
11. O-O O-O 12. Bf4 Bxf4 13. Qxf4 Rxb7 14. b3 Qd7 15. Nd2 Ng6 16. Qf3 Rbb8 17. Rfe1 Rfe8 18. a4 Be6 19. Bxe6 fxe6 20. b4 Rf8
21. Qg4 Rbe8 22. Re3 Re7 23. Ne4 Rf4 24. Qe2 Ref7 25. b5 Ne7 26. g3 R4f5 27. f4 Rf8 28. Nc5 Qc8 29. Nxe6 Re8 30. c4 Rf6
31. Re1 Nf5 32. Re5 Kf7 33. Qh5+ Kg8 34. Ng5
1-0

[Event "SCCA Championship 2025"]
[Site "SchemingMind.com"]
[Date "2024.12.18"]
[Round "-"]
[White "cnile"]
[Black "Allan Sedstrem"]
[Result "0-1"]
[WhiteCountry "SCO"]
[BlackCountry "SCO"]
[WhiteElo "1336"]
[WhiteRD "59"]
[BlackElo "1541"]
[BlackRD "56"]
[GameID "749748"]

1. e4 e5 2. Nf3 d6 3. Nc3 Nf6 4. d4 Bg4 5. Be2 Nbd7 6. h3 Bh5 7. Be3 Bxf3 8. Bxf3 Be7 9. dxe5 Nxe5 10. O-O O-O
11. Qe2 Nxf3+ 12. Qxf3 c6 13. Rad1 Re8 14. Rfe1 Qc7 15. Qg3 Nh5 16. Qg4 Nf6 17. Qg3 Rad8 18. Bh6 g6 19. Rd3 Bf8 20. Bg5 Bg7
21. e5 Nh5 22. Qg4 Rd7 23. Rde3 Rxe5 24. Rxe5 dxe5 25. Ne4 f5 26. Nf6+ Bxf6 27. Qc4+ Kg7 28. g4 fxg4 29. Bxf6+ Nxf6 30. hxg4 Rd4
31. f3 Rxc4
0-1

[Event "SCCA Championship 2025"]
[Site "SchemingMind.com"]
[Date "2024.12.13"]
[Round "-"]
[White "SEO1957"]
[Black "Allan Sedstrem"]
[Result "1-0"]
[WhiteCountry "NOR"]
[BlackCountry "SCO"]
[WhiteElo "1917"]
[WhiteRD "162"]
[BlackElo "1541"]
[BlackRD "56"]
[GameID "749749"]

1. e4 e5 2. Nf3 Nc6 3. d4 Nf6 4. dxe5 Nxe4 5. Bc4 Bc5 6. Qd5 Bxf2+ 7. Ke2 O-O 8. Qxe4 Bb6 9. Ng5 g6 10. Nf3 Ne7
11. Nc3 Re8 12. Bg5 c6 13. Qf4 Rf8 14. Bf6 Qe8 15. g4 Bc7 16. Qh6 Nf5 17. gxf5 Qxe5+ 18. Nxe5 Bxe5 19. Qg7#
1-0

[Event "SCCA Championship 2025"]
[Site "SchemingMind.com"]
[Date "2024.12.18"]
[Round "-"]
[White "Allan Sedstrem"]
[Black "McCormickR"]
[Result "*"]
[WhiteCountry "SCO"]
[BlackCountry "ENG"]
[WhiteElo "1495"]
[WhiteRD "57"]
[BlackElo "1764"]
[BlackRD "90"]
[GameID "749750"]

1. d4 d5 2. c4 e6 3. e3 Nf6 4. Nf3 c6 5. Bd3 dxc4 6. Bxc4 b5 7. Bb3 Nbd7 8. O-O Bb7 9. Nbd2 c5 10. Qe2 a6
11. dxc5 Nxc5 12. Rd1 Qc7 13. Bc2 Bd6 14. a3 O-O 15. b4 Ncd7 16. Nf1 Ne5 17. e4 Rac8 18. Bb3 Nxe4 19. Bb2 Nxf3+ 20. Qxf3 Rfe8
21. Qg4 f5 22. Qe2 Qc6 23. f3 Nf6 24. Ne3 Rcd8 25. Rac1 Qd7 26. Bxf6 gxf6 27. Nxf5 Bd5 28. Bxd5 exd5 29. Qd3 Bf4 30. Rc5 Re5
31. Rxd5 Rxd5 32. Qxd5+ Qxd5 33. Rxd5 Rxd5 34. Ne7+ Kf7 35. Nxd5 Bc1 36. Nc7 Bxa3 37. Nxa6 Ke7= 38. Nc7 Kf7 39. Nxb5 Bxb4 40. g4 Kg6
41. Kg2 Kg5 42. Nd4 Kg6 43. h4 h5 44. gxh5+ Kxh5 45. Nf5 Kg6 46. Ng3 Be7 47. Kh3 Bb4 48. h5+ Kh6 49. Kg4 Ba3 50. Nf5+ Kh7
51. Ne3 Bb2 52. Nd5 Kh6 53. Ne3 Kh7 54. Kf5 Kh6 55. Nd5 Kg7 56. h6+ Kxh6 57. Nxf6 Bc1
*

[Event "SCCA Championship 2025"]
[Site "SchemingMind.com"]
[Date "2024.12.13"]
[Round "-"]
[White "Allan Sedstrem"]
[Black "TigerFeet"]
[Result "0-1"]
[WhiteCountry "SCO"]
[BlackCountry "ENG"]
[WhiteElo "1541"]
[WhiteRD "56"]
[BlackElo "2125"]
[BlackRD "85"]
[GameID "749751"]

1. d4 Nf6 2. c4 c5 3. e3 cxd4 4. exd4 g6 5. Bd3 Bg7 6. Be3 O-O 7. Nf3 d5 8. Ng5 e5 9. dxe5 Ng4 10. Nf3 Nc6
11. cxd5 Ncxe5 12. Nc3 Nxe3 13. fxe3 Bg4 14. Be2 Bxf3 15. Bxf3 Qh4+ 16. g3 Qb4 17. e4 Nxf3+ 18. Qxf3 Qxb2 19. O-O Qxc3 20. Qxc3 Bxc3
21. Rac1 Be5 22. Rfd1 Rfd8 23. Rd3 Rac8 24. Rcd1 Rd6 25. Rb1 Rc3 26. Rxc3 Bxc3 27. Rxb7 Bd4+ 28. Kg2 Ra6 29. Kf3 Be5 30. Re7 f6
31. Ke3 Ra3+ 32. Kf2 Rxa2+ 33. Kg1 Re2 34. Re6 Rxe4 35. d6 Rd4 36. Re8+ Kf7 37. Rd8 Rxd6 38. Ra8 Ra6 39. Rc8 h5 40. Rc2 Ra1+
41. Kg2 a5
0-1

[Event "SCCA Championship 2025"]
[Site "SchemingMind.com"]
[Date "2024.12.18"]
[Round "-"]
[White "cnile"]
[Black "P Pickering"]
[Result "0-1"]
[WhiteCountry "SCO"]
[BlackCountry "ENG"]
[WhiteElo "1298"]
[WhiteRD "58"]
[BlackElo "1836"]
[BlackRD "104"]
[GameID "749758"]

1. e4 e5 2. Nc3 Nf6 3. f4 d5 4. fxe5 Nxe4 5. Nf3 Be7 6. d4 Bb4 7. Bd2 c5 8. Be2 Nc6 9. Be3 Nxc3 10. bxc3 Bxc3+
11. Bd2 Bxa1 12. Qxa1 cxd4 13. Bb5 a6 14. Bd3 h6 15. O-O O-O 16. Qc1 f5 17. Bxh6 Qe7 18. Bg5 Qf7 19. Qa3 Be6 20. Bf4 Rfe8
21. Ng5 Qe7 22. Qc1 Nb4 23. Qb2 Nxd3 24. cxd3 Rac8 25. Nxe6 Qxe6 26. Qxd4 b5 27. a4 bxa4 28. Qxa4 Qb6+ 29. d4 Re6 30. Be3 g6
31. h3 Qb5 32. Qa2 Qc4 33. Kh1 Qxa2
0-1

[Event "SCCA Championship 2025"]
[Site "SchemingMind.com"]
[Date "2024.12.14"]
[Round "-"]
[White "SEO1957"]
[Black "P Pickering"]
[Result "1/2-1/2"]
[WhiteCountry "NOR"]
[BlackCountry "ENG"]
[WhiteElo "1728"]
[WhiteRD "151"]
[BlackElo "1836"]
[BlackRD "104"]
[GameID "749759"]

1. e4 e5 2. Nf3 Nc6 3. Bc4 Nf6 4. d3 Bc5 5. c3 d6 6. O-O O-O 7. Nbd2 a5 8. h3 Ba7 9. Re1 Be6 10. a4 h6
11. Bb3 Qd7 12. Nf1 Rab8 13. Be3 Bxe3 14. Nxe3 b5 15. axb5 Rxb5 16. Ba4 Rxb2 17. c4 Ra8 18. Rb1 Rab8 19. Rxb2 Rxb2 20. Re2 Rxe2
21. Qxe2 Qe8 22. Nd5 Bd7 23. Nxf6+ gxf6 24. Nh4 Qf8 25. Qh5 Nb8 26. Bxd7 Nxd7 27. Nf5 Kh7 28. Qd1 Nc5 29. Qc2 a4 30. Qc3 Qa8
31. Qd2 Qf8 32. Kh2 a3 33. h4 a2 34. Qxa2 Nxd3 35. Qd2 Nf4 36. Qe3 Ng6 37. h5 Ne7 38. Ng3 Qc8 39. Qf3 Qe6 40. Qd3 Qg4
41. Kg1 Qe6 42. Nf5 Nxf5 43. exf5 Qd7 44. g4 Kg7 45. f3 Qc6 46. Kg2 Qc5 47. Qd5 Qb6 48. Qd2 Qd4 49. Qxd4 exd4 50. Kf2 c5
51. Ke2 Kf8 52. Kd3 Ke7 53. f4 Kf8 54. Kd2 Kg7 55. Kd3 Kf8 56. Kd2=
1/2-1/2

[Event "SCCA Championship 2025"]
[Site "SchemingMind.com"]
[Date "2024.12.18"]
[Round "-"]
[White "P Pickering"]
[Black "McCormickR"]
[Result "0-1"]
[WhiteCountry "ENG"]
[BlackCountry "ENG"]
[WhiteElo "1836"]
[WhiteRD "104"]
[BlackElo "1764"]
[BlackRD "90"]
[GameID "749760"]

1. e4 e5 2. f4 exf4 3. Nf3 d6 4. Bc4 Bg4 5. O-O Nc6 6. c3 Ne5 7. Be2 Nxf3+ 8. Bxf3 Be6 9. d4 g5 10. d5 Bd7
11. c4 Bg7 12. Nc3 Ne7 13. Bd2 O-O 14. Rc1 c6 15. b4 b5 16. c5 dxc5 17. bxc5 Bd4+ 18. Kh1 Bxc5 19. Nxb5 Bb6 20. Nc3 Rc8
21. d6 Ng6 22. Re1 Ne5 23. Na4 Nd3 24. Qb3 Nf2+ 25. Kg1 Nxe4+ 26. Be3 Bxe3+ 27. Rxe3 Nd2
0-1

[Event "SCCA Championship 2025"]
[Site "SchemingMind.com"]
[Date "2024.12.13"]
[Round "-"]
[White "P Pickering"]
[Black "TigerFeet"]
[Result "0-1"]
[WhiteCountry "ENG"]
[BlackCountry "ENG"]
[WhiteElo "1843"]
[WhiteRD "105"]
[BlackElo "2125"]
[BlackRD "85"]
[GameID "749761"]

1. e4 c5 2. Nf3 Nf6 3. e5 Nd5 4. c3 e6 5. Bc4 b6 6. O-O Bb7 7. d4 cxd4 8. Nxd4 Nc7 9. Re1 Nc6 10. Bf4 Nxd4
11. cxd4 b5 12. Bb3 b4 13. Nd2 Nd5 14. Bg3 Be7 15. Rc1 Rc8 16. Rxc8 Qxc8 17. Qg4 O-O 18. h4 f5 19. Qh5 f4 20. Bh2 Rf5
21. Qg4 Qe8 22. Bxd5 Bxd5 23. Bxf4 h5 24. Qg3 Qd8 25. Qe3 Bxh4 26. g3 Bg5 27. Bxg5 Qxg5 28. Qxg5 Rxg5 29. Kf1 Rg4 30. Nb3 Bxb3
31. axb3 Rxd4 32. Ra1 Rd2 33. Rxa7 Rxb2 34. Rxd7 Rxb3 35. Rb7 Rb1+ 36. Ke2 g5 37. Kf3 b3
0-1

[Event "SCCA Championship 2025"]
[Site "SchemingMind.com"]
[Date "2024.12.14"]
[Round "-"]
[White "Allan Sedstrem"]
[Black "P Pickering"]
[Result "0-1"]
[WhiteCountry "SCO"]
[BlackCountry "ENG"]
[WhiteElo "1541"]
[WhiteRD "56"]
[BlackElo "1843"]
[BlackRD "105"]
[GameID "749762"]

1. d4 Nf6 2. c4 e5 3. dxe5 Ng4 4. Nf3 Bc5 5. e3 Nc6 6. h3 Ngxe5 7. Nxe5 Nxe5 8. b3 O-O 9. Bb2 d6 10. Bxe5 dxe5
11. Qxd8 Rxd8 12. Nc3 Bb4 13. Rc1 Bf5 14. Be2 Bd3 15. f4 exf4 16. e4 Bxc3+ 17. Rxc3 Bxe4 18. Bf3 Bxf3 19. Rxf3 g5 20. Ke2 Rd7
21. Rd1 Re8+ 22. Kf2 Rxd1 23. g3 fxg3+ 24. Kxg3 Re2
0-1

[Event "SCCA Championship 2025"]
[Site "SchemingMind.com"]
[Date "2024.12.14"]
[Round "-"]
[White "Geoffrey Rosser"]
[Black "SEO1957"]
[Result "1-0"]
[WhiteCountry "ENG"]
[BlackCountry "NOR"]
[WhiteElo "1934"]
[WhiteRD "63"]
[BlackElo "1917"]
[BlackRD "162"]
[GameID "749765"]

1. e4 e5 2. Nf3 Nc6 3. d4 exd4 4. Nxd4 Bc5 5. Nb3 Bb6 6. a4 a6 7. Nc3 Nf6 8. Bg5 d6 9. Qe2 Nd4 10. Nxd4 Bxd4
11. O-O-O c5 12. Nd5 h6 13. Bh4 Bg4 14. Nxf6+ Bxf6 15. Qxg4 Bxh4 16. Qxg7 Bg5+ 17. Kb1 Bf6 18. Qg3 Qb6 19. Qa3 O-O-O 20. Bc4 Rd7
21. Qb3 Qxb3 22. Bxb3 Re8 23. f3 Kc7 24. Rd3 a5 25. Bc4 Rb8 26. Rhd1 Bd4 27. f4 f6 28. c3
1-0

[Event "SCCA Championship 2025"]
[Site "SchemingMind.com"]
[Date "2024.12.18"]
[Round "-"]
[White "McCormickR"]
[Black "Geoffrey Rosser"]
[Result "0-1"]
[WhiteCountry "ENG"]
[BlackCountry "ENG"]
[WhiteElo "1741"]
[WhiteRD "91"]
[BlackElo "1914"]
[BlackRD "64"]
[GameID "749766"]

1. e4 e5 2. Nf3 Nc6 3. Bb5 Nf6 4. d3 Bc5 5. O-O Nd4 6. Bc4 Nxf3+ 7. Qxf3 O-O 8. Bg5 Be7 9. Bxf6 Bxf6 10. Nc3 c6
11. Rfd1 a5 12. a3 b5 13. Ba2 d6 14. Ne2 Be6 15. d4 Bxa2 16. Rxa2 exd4 17. Nxd4 Qd7 18. Nf5 Qe6 19. b3 Rad8 20. c4 Rfe8
21. Rad2 d5 22. cxd5 cxd5 23. Ng3 d4 24. Rd3 g6 25. h3 Rc8 26. Rxd4 Bxd4 27. Rxd4 Rc1+ 28. Rd1 Rxd1+ 29. Qxd1 h5 30. f3 Qb6+
31. Kh2 Rd8 32. Qc2 Qd6 33. Qc1 h4 34. f4 hxg3+
0-1

[Event "SCCA Championship 2025"]
[Site "SchemingMind.com"]
[Date "2024.12.13"]
[Round "-"]
[White "TigerFeet"]
[Black "Geoffrey Rosser"]
[Result "1-0"]
[WhiteCountry "ENG"]
[BlackCountry "ENG"]
[WhiteElo "2115"]
[WhiteRD "90"]
[BlackElo "1928"]
[BlackRD "63"]
[GameID "749767"]

1. d4 Nf6 2. Nf3 g6 3. e3 Bg7 4. c4 d5 5. cxd5 Nxd5 6. e4 Nb6 7. a4 a5 8. Bb5+ N6d7 9. O-O O-O 10. Be3 c5
11. dxc5 Bxb2 12. Ra2 Bg7 13. Rd2 Qc7 14. Qc1 Ne5 15. Nxe5 Qxe5 16. Bd4 Qxe4 17. Nc3 Qh4 18. Bxg7 Kxg7 19. Nd5 Nc6 20. Qc3+ e5
21. Nc7 Ra7 22. Bxc6 bxc6 23. Qxe5+ Qf6 24. Ne8+ Rxe8 25. Qxe8 Ba6 26. Re1 Rb7 27. Rd6 Qf5 28. Rxc6 Bc4 29. Rc8 Be6 30. Qf8+ Kf6
31. h4 g5 32. Qh8+ Kg6 33. Rg8+ Kh6 34. Rxg5
1-0

[Event "SCCA Championship 2025"]
[Site "SchemingMind.com"]
[Date "2024.12.18"]
[Round "-"]
[White "cnile"]
[Black "Geoffrey Rosser"]
[Result "0-1"]
[WhiteCountry "SCO"]
[BlackCountry "ENG"]
[WhiteElo "1336"]
[WhiteRD "59"]
[BlackElo "1934"]
[BlackRD "63"]
[GameID "749768"]

1. e4 e5 2. Nf3 Nc6 3. Bb5 Nf6 4. d3 Bc5 5. h3 Nd4 6. Nxd4 Bxd4 7. c3 Bb6 8. Bg5 O-O 9. O-O c6 10. Bc4 Bc5
11. Nd2 Be7 12. Re1 d5 13. exd5 cxd5 14. Bb3 Qd6 15. Nf3 e4 16. dxe4 dxe4 17. Nd4 Qe5 18. Be3 Bd6 19. Rc1 Qh2+ 20. Kf1 Qh1+
21. Ke2 Qxg2 22. Rg1 Qxh3 23. Rh1 Bg4+ 24. Kd2 Bxd1 25. Rxh3 Bxb3 26. Nxb3 Rad8 27. Nd4 Ng4 28. Rch1 h6 29. Kc2 Nxe3+ 30. Rxe3 Rde8
31. Nf5 Bf4 32. Reh3 Rd8 33. Rh4 Rd2+ 34. Kb3 Rxf2 35. Nd4 e3 36. Re1 Re8 37. Ne2 Bg5 38. Rb4 Rd8 39. Re4 Rd2 40. Nd4 Rxb2+
41. Kc4 Rxa2 42. Nf5 Ra4+ 43. Kd5 Rxf5+
0-1

[Event "SCCA Championship 2025"]
[Site "SchemingMind.com"]
[Date "2024.12.14"]
[Round "-"]
[White "Geoffrey Rosser"]
[Black "P Pickering"]
[Result "0-1"]
[WhiteCountry "ENG"]
[BlackCountry "ENG"]
[WhiteElo "1934"]
[WhiteRD "63"]
[BlackElo "1843"]
[BlackRD "105"]
[GameID "749769"]

1. e4 e5 2. Nf3 Nc6 3. d4 exd4 4. Nxd4 Bc5 5. Nb3 Bb6 6. a4 a6 7. Nc3 Nf6 8. Bg5 d6 9. Qe2 h6 10. Bh4 O-O
11. a5 Ba7 12. Nd5 g5 13. Bg3 Nxd5 14. Qh5 Nf6 15. Qxh6 Nh7 16. Bd3 Qf6 17. Qh5 Ne5 18. Be2 Qg6 19. Qxg6+ Nxg6 20. O-O-O Nf6
21. Nd2 Bd7 22. Nc4 Nxe4 23. Bd3 Nxf2 24. Bxf2 Bxf2 25. Rhf1 Bc5
0-1

[Event "SCCA Championship 2025"]
[Site "SchemingMind.com"]
[Date "2024.12.13"]
[Round "-"]
[White "Geoffrey Rosser"]
[Black "Allan Sedstrem"]
[Result "1-0"]
[WhiteCountry "ENG"]
[BlackCountry "SCO"]
[WhiteElo "1934"]
[WhiteRD "63"]
[BlackElo "1541"]
[BlackRD "56"]
[GameID "749770"]

1. e4 e5 2. Nf3 d6 3. d4 Nf6 4. dxe5 Nxe4 5. Qd5 Nc5 6. Bg5 Be7 7. exd6 cxd6 8. Bb5+ Nbd7 9. O-O O-O 10. Nc3 Nb6
11. Bxe7 Qxe7 12. Qd2 Bg4 13. Rae1 Qc7 14. Nd4 a6 15. Be2 Bd7 16. b3 Ne6 17. Nf5 Nc8 18. Nd5 Qc5 19. b4 Qa7 20. Nde7+ Kh8
21. Nxc8 Raxc8 22. Nxd6 Rcd8 23. Bc4 Qb6 24. Nf5 Bb5 25. Qe2 Rfe8 26. Bxb5 axb5 27. c3 g6 28. Qe5+ Kg8 29. Nh6+ Kf8 30. Qh8+ Ke7
31. Qxh7 Qd6 32. Qxf7#
1-0

[Event "SCCA Championship 2025"]
[Site "SchemingMind.com"]
[Date "2024.12.15"]
[Round "-"]
[White "Russell Sherwood"]
[Black "P Pickering"]
[Result "1-0"]
[WhiteCountry "WLS"]
[BlackCountry "ENG"]
[WhiteElo "2483"]
[WhiteRD "103"]
[BlackElo "1836"]
[BlackRD "104"]
[GameID "749804"]

1. e4 e5 2. Nf3 Nc6 3. Bc4 Bc5 4. c3 Nf6 5. d3 d6 6. O-O O-O 7. Re1 h6 8. Nbd2 a6 9. Nf1 Re8 10. Ng3 Ba7
11. a4 Be6 12. Bxe6 Rxe6 13. b4 Qd7 14. d4 exd4 15. cxd4 Nxb4 16. Qd2 a5 17. d5 Re7 18. Bb2 Ng4 19. Nd4 Ne5 20. Ndf5 Nbd3
21. Nxe7+ Qxe7 22. Bxe5 Bxf2+ 23. Kh1 Bxe1 24. Qxd3 Qxe5 25. Rxe1 g6 26. Qc4 Qe7 27. Ne2 Rc8 28. Nd4 Qd7 29. Qb5 Qxb5 30. axb5 b6
31. Kg1 Kf8 32. Re3 Ke7 33. Kf2 Kd7 34. Kf3 Ra8 35. Kf4 a4 36. Ra3 Ra5 37. Nc6 Rxb5 38. Rxa4 f5 39. Ra8
1-0

[Event "SCCA Championship 2025"]
[Site "SchemingMind.com"]
[Date "2024.12.15"]
[Round "-"]
[White "Russell Sherwood"]
[Black "Geoffrey Rosser"]
[Result "1-0"]
[WhiteCountry "WLS"]
[BlackCountry "ENG"]
[WhiteElo "2473"]
[WhiteRD "101"]
[BlackElo "1934"]
[BlackRD "63"]
[GameID "749805"]

1. e4 e5 2. Nf3 Nc6 3. Bc4 Nf6 4. d3 Be7 5. O-O O-O 6. Re1 d6 7. a4 h6 8. a5 a6 9. c3 Nh7 10. Nbd2 Ng5
11. d4 Nxe4 12. Nxe4 d5 13. Ng3 dxc4 14. d5 Na7 15. Nxe5 Bf6 16. Nxc4 b5 17. axb6 cxb6 18. Nh5 Nb5 19. Be3 Rb8 20. Qf3 Bg5
21. Qg3 Bf5 22. Qe5 Bf6 23. Qxf5 Nd6 24. Nxd6
1-0

[Event "SCCA Championship 2025"]
[Site "SchemingMind.com"]
[Date "2024.12.19"]
[Round "-"]
[White "Russell Sherwood"]
[Black "cnile"]
[Result "1-0"]
[WhiteCountry "WLS"]
[BlackCountry "SCO"]
[WhiteElo "2473"]
[WhiteRD "101"]
[BlackElo "1336"]
[BlackRD "59"]
[GameID "749806"]

1. e4 c5 2. Nc3 Nc6 3. Nge2 d6 4. d4 cxd4 5. Nxd4 e5 6. Nf5 Nf6 7. Bg5 h6 8. Bxf6 gxf6 9. Bc4 Bxf5 10. exf5 Qb6
11. Qh5 Rh7 12. Nd5 Be7 13. Nxb6
1-0

[Event "SCCA Championship 2025"]
[Site "SchemingMind.com"]
[Date "2024.12.15"]
[Round "-"]
[White "Russell Sherwood"]
[Black "SEO1957"]
[Result "1-0"]
[WhiteCountry "WLS"]
[BlackCountry "NOR"]
[WhiteElo "2483"]
[WhiteRD "103"]
[BlackElo "1728"]
[BlackRD "151"]
[GameID "749807"]

1. e4 e5 2. Nf3 Nc6 3. Bc4 Bc5 4. c3 Nf6 5. d3 a6 6. Bb3 Ba7 7. Nbd2 O-O 8. O-O d6 9. h3 Nh5 10. Nc4 Qf6
11. Kh2 b5 12. Ne3 Nf4 13. a4 b4 14. Nd5 Qd8 15. Nxf4 exf4 16. Bxf4 bxc3 17. bxc3 Na5 18. Bc2 Rb8 19. d4 Nc4 20. Qe2 Na5
21. Rfe1 Re8 22. e5 dxe5 23. Nxe5 Be6 24. Qh5 f5 25. Bxf5 Bxf5 26. Qf7+
1-0

[Event "SCCA Championship 2025"]
[Site "SchemingMind.com"]
[Date "2024.12.19"]
[Round "-"]
[White "McCormickR"]
[Black "Russell Sherwood"]
[Result "0-1"]
[WhiteCountry "ENG"]
[BlackCountry "WLS"]
[WhiteElo "1764"]
[WhiteRD "90"]
[BlackElo "2483"]
[BlackRD "103"]
[GameID "749808"]

1. e4 c5 2. Nf3 d6 3. d4 cxd4 4. Nxd4 Nf6 5. Nc3 a6 6. Bg5 e6 7. Bd3 Be7 8. Bxf6 Bxf6 9. Nf3 Qc7 10. Qd2 Nd7
11. O-O-O b5 12. a3 O-O 13. g4 Bb7 14. g5 Bxc3 15. Qxc3 Qxc3 16. bxc3 Rac8 17. Kb2 Nc5 18. Nd2 d5 19. exd5 Bxd5 20. Rhg1 Na4+
21. Ka1 Rxc3 22. Nb1 Rc7 23. f4 Rfc8 24. Rd2 Nc5 25. f5 Nxd3 26. cxd3 exf5 27. Kb2 g6 28. Rf1 a5 29. Rff2 b4 30. Rc2 Rxc2+
31. Rxc2 Rxc2+ 32. Kxc2 Kg7 33. axb4 axb4 34. Nd2 f6 35. gxf6+ Kxf6
0-1

[Event "SCCA Championship 2025"]
[Site "SchemingMind.com"]
[Date "2024.12.15"]
[Round "-"]
[White "TigerFeet"]
[Black "Russell Sherwood"]
[Result "0-1"]
[WhiteCountry "ENG"]
[BlackCountry "WLS"]
[WhiteElo "2125"]
[WhiteRD "85"]
[BlackElo "2473"]
[BlackRD "101"]
[GameID "749809"]

1. d4 Nf6 2. Nf3 d5 3. e3 c5 4. dxc5 e6 5. a3 Bxc5 6. b4 Bd6 7. Bb2 a5 8. c3 O-O 9. Nbd2 axb4 10. cxb4 Nc6
11. Rc1 Qe7 12. Bb5 e5 13. O-O e4 14. Bxc6 bxc6 15. Nd4 Ng4 16. g3 Qf6 17. Rxc6 Bd7 18. Rc1 Qh6 19. h4 Rae8 20. Qe2 f5
21. b5 f4 22. gxf4 Qxh4 23. f3 Nxe3
0-1

[Event "SCCA Championship 2025"]
[Site "SchemingMind.com"]
[Date "2024.12.14"]
[Round "-"]
[White "Russell Sherwood"]
[Black "Allan Sedstrem"]
[Result "1-0"]
[WhiteCountry "WLS"]
[BlackCountry "SCO"]
[WhiteElo "2473"]
[WhiteRD "106"]
[BlackElo "1537"]
[BlackRD "58"]
[GameID "749810"]

1. e4 e5 2. Nf3 Nc6 3. Bc4 h6 4. d4 exd4 5. O-O Bc5 6. c3 d6 7. cxd4 Bb6 8. Nc3 Nf6 9. Re1 O-O 10. h3 Na5
11. Bd3 Re8 12. d5 Bd7 13. b4 Nc6 14. dxc6 Bxc6 15. b5 Bd7 16. Be3 Bxe3 17. fxe3 Qc8 18. a4 Bxh3 19. gxh3 c6 20. Bf1 Nxe4
21. Nxe4 Rxe4 22. Qxd6 Re6 23. Qf4 Qd7 24. bxc6 Qxc6 25. Bg2 Rf6 26. Nd4 Qd7 27. Qg4 Qd6 28. Nf5 Qf8 29. Rad1 Qc5 30. Qxg7#
1-0

[Event "SCCA Championship 2025"]
[Site "SchemingMind.com"]
[Date "2024.12.20"]
[Round "-"]
[White "mattkirk78"]
[Black "Geoffrey Rosser"]
[Result "1/2-1/2"]
[WhiteCountry "ENG"]
[BlackCountry "ENG"]
[WhiteElo "2228"]
[WhiteRD "89"]
[BlackElo "1934"]
[BlackRD "63"]
[GameID "749834"]

1. e4 e5 2. Nf3 Nc6 3. Bb5 Nf6 4. O-O Nxe4 5. d4 Nd6 6. Bxc6 dxc6 7. dxe5 Nf5 8. Qxd8+ Kxd8 9. Nc3 Bd7 10. h3 h6
11. b3 Kc8 12. Bb2 b6 13. Rad1 c5 14. g4 Ne7 15. Kg2= Bc6 16. Kg3 Kb7=
1/2-1/2

[Event "SCCA Championship 2025"]
[Site "SchemingMind.com"]
[Date "2024.12.20"]
[Round "-"]
[White "mattkirk78"]
[Black "cnile"]
[Result "1-0"]
[WhiteCountry "ENG"]
[BlackCountry "SCO"]
[WhiteElo "2253"]
[WhiteRD "89"]
[BlackElo "1317"]
[BlackRD "61"]
[GameID "749835"]

1. e4 e6 2. d4 d5 3. Nc3 Bb4 4. e5 c5 5. a3 Bxc3+ 6. bxc3 Ne7 7. Qg4 Qc7 8. Qxg7 Rg8 9. Qxh7 cxd4 10. Ne2 Nbc6
11. f4 Bd7 12. Qd3 Nf5 13. cxd4 a6 14. Rg1 O-O-O 15. g4 Nfe7 16. h4 Kb8 17. h5 Bc8 18. Qc3 Qb6 19. a4 Bd7 20. a5 Qc7
21. Ba3 Nc8 22. Bc5 N6e7 23. g5 Nf5 24. Ng3 Nxg3 25. Rxg3 Qc6 26. Qb4 Rh8 27. h6 Be8 28. Rc3 Qd7 29. Bxa6 Rh7 30. Rb3 Ne7
31. Bd6+ Ka8 32. Bxb7+ Ka7 33. Qb6#
1-0